[Event "TIPC 2007"]
[Site "Charleroi"]
[Date "2007.08.03"]
[Round "8.5"]
[White "Terrieux, Kevin"]
[Black "Vandevoort, Pascal"]
[Result "1/2-1/2"]
[WhiteElo "2335"]
[BlackElo "2364"]
[PlyCount "112"]

1. e4 c5 2. Nf3 d6 3. d4 cxd4 4. Nxd4 Nf6 5. Nc3 a6 6. Be2 e6 7. a4 Qc7 8. O-O
b6 9. f4 Bb7 10. Bf3 Nbd7 11. Kh1 Rb8 12. Nb3 Be7 13. Be3 O-O 14. Qe1 Rfc8 15.
Qg3 e5 16. f5 b5 17. axb5 axb5 18. Rac1 b4 19. Nd5 Bxd5 20. exd5 e4 21. Bh6 Bf8
22. Be2 Nxd5 23. Nd2 N7f6 24. Nc4 Re8 25. Bg5 Kh8 26. Rcd1 h6 27. Bc1 Rbd8 28.
Rd4 e3 29. Bd3 Nb6 30. Nxb6 Qxb6 31. Bxe3 d5 32. Bg1 Bc5 33. Rh4 Bxg1 34. Rxg1
Qe3 35. Qxe3 Rxe3 36. Rxb4 d4 37. h3 Nh5 38. Kh2 Nf4 39. Rd1 h5 40. Bf1 Ne2 41.
Bxe2 Rxe2 42. Rbxd4 Rxd4 43. Rxd4 Rxc2 44. b4 Kh7 45. Kg3 Kh6 46. h4 Rb2 47.
Rd6+ g6 48. Rb6 Rb3+ 49. Kh2 Rb2 50. fxg6 fxg6 51. Rb7 Rb3 52. g3 Rb2+ 53. Kh3
Rb3 54. b5 Rb4 55. Rb8 Kg7 56. b6 Rb2 1/2-1/2

[Event "TIPC 2007"]
[Site "Charleroi"]
[Date "2007.08.04"]
[Round "9.2"]
[White "Kveinys, Aloyzas"]
[Black "Terrieux, Kevin"]
[Result "1/2-1/2"]
[WhiteElo "2537"]
[BlackElo "2335"]
[PlyCount "28"]

1. d4 Nf6 2. c4 e6 3. Nc3 Bb4 4. Qc2 O-O 5. a3 Bxc3+ 6. Qxc3 b6 7. Bg5 Bb7 8.
f3 d6 9. e4 c5 10. Nh3 Nc6 11. dxc5 bxc5 12. Nf2 Nd4 13. Bd3 h6 14. Be3 e5
1/2-1/2

[Event "TIPC 2007"]
[Site "Charleroi"]
[Date "2007.08.04"]
[Round "9.3"]
[White "Rausis, Igors"]
[Black "Michiels, Bart"]
[Result "1/2-1/2"]
[WhiteElo "2524"]
[BlackElo "2454"]
[PlyCount "45"]

1. d4 d5 2. Nf3 Nf6 3. c4 dxc4 4. Nc3 a6 5. e4 b5 6. e5 Nd5 7. a4 e6 8. axb5
Nb6 9. Be3 axb5 10. Rxa8 Nxa8 11. Nxb5 Nb6 12. Be2 Qd7 13. Nc3 Nc6 14. Qc2 Nb4
15. Qb1 Bb7 16. O-O Be7 17. Ne4 Bd5 18. Rc1 Nc6 19. Nfd2 Na5 20. Nc5 Qb5 21. b3
O-O 22. bxc4 Qxb1 23. Rxb1 1/2-1/2